[Event "Rostock SSC op 16th"]
[Site "Rostock"]
[Date "2017.07.26"]
[Round "2"]
[White "Fromm, Marius"]
[Black "Wach, Frank"]
[Result "1-0"]
[WhiteElo "1824"]
[BlackElo "1557"]
[PlyCount "59"]
[EventDate "2017.07.26"]
[EventType "swiss"]
[EventRounds "7"]
[EventCountry "GER"]
[SourceTitle "EXT 2018"]
[Source "ChessBase"]
[SourceDate "2017.10.13"]
[SourceVersion "1"]
[SourceVersionDate "2017.10.13"]
[SourceQuality "1"]

1. Nf3 Nf6 2. g3 b6 3. Bg2 Bb7 4. c4 e6 5. 0-0 Be7 6. b3 0-0 7. Bb2 c5 8. Nc3 d5 9. e3 Nbd7 10. cxd5 Nxd5 11. d4 cxd4 12. Nxd4 Nxc3 13. Bxc3 Bxg2 14. Kxg2 Rc8 15. Rc1 Nc5 16. Qe2 Qd5+ 17. Kg1 Qb7 18. Rfd1 Rfd8 19. Bb2 Qa6 20. Qxa6 Nxa6 21. Nb5 Rxc1 22. Rxc1 Rd2 23. Rc8+ Rd8 24. Nxa7 Rxc8 25. Nxc8 Bc5 26. a3 b5 27. b4 Bf8 28. Na7 Nxb4 29. axb4 Bxb4 30. Nxb5 1-0

[Event "Rostock SSC op 16th"]
[Site "Rostock"]
[Date "2017.07.26"]
[Round "1"]
[White "Wach, Frank"]
[Black "Kunow, Frank"]
[Result "0-1"]
[WhiteElo "1557"]
[BlackElo "1905"]
[PlyCount "65"]
[EventDate "2017.07.26"]
[EventType "swiss"]
[EventRounds "7"]
[EventCountry "GER"]
[SourceTitle "EXT 2018"]
[Source "ChessBase"]
[SourceDate "2017.10.13"]
[SourceVersion "1"]
[SourceVersionDate "2017.10.13"]
[SourceQuality "1"]

1. d4 g6 2. c4 Bg7 3. Nc3 d6 4. e4 e5 5. d5 Ne7 6. Bg5 f6 7. Bd2 Nd7 8. Be2 a5 9. Nf3 Nc5 10. 0-0 0-0 11. Qc1 f5 12. exf5 Nxf5 13. Ne1 e4 14. Bg5 Qe8 15. Bg4 Nd4 16. Bxc8 Rxc8 17. Bh6 Qf7 18. Bxg7 Qxg7 19. Qe3 Rce8 20. Ne2 Nf5 21. Qc3 Qe7 22. Qxa5 e3 23. Qb4 exf2+ 24. Rxf2 Ne4 25. Rf1 Nd2 26. Rf2 Nd4 27. Rxf8+ Rxf8 28. Ng3 Ne2+ 29. Kh1 Nxg3+ 30. hxg3 Rf1+ 31. Kh2 Qf8 32. g4 Qf4+ 33. g3 0-1

[Event "Rostock SSC 07 op 15th"]
[Site "Rostock"]
[Date "2016.07.28"]
[Round "3"]
[White "Wach, Frank"]
[Black "Seichter, Andreas"]
[Result "1-0"]
[WhiteElo "1532"]
[BlackElo "1756"]
[PlyCount "79"]
[EventDate "2016.07.27"]
[EventType "swiss"]
[EventRounds "7"]
[EventCountry "GER"]
[SourceTitle "EXT 2017"]
[Source "ChessBase"]
[SourceDate "2016.10.25"]
[SourceVersion "1"]
[SourceVersionDate "2016.10.25"]
[SourceQuality "1"]

1. d4 d5 2. Nf3 Nf6 3. c4 e6 4. Nc3 Be7 5. e3 0-0 6. Bd3 b6 7. cxd5 exd5 8. 0-0 Bb7 9. a3 Ne4 10. Qc2 f5 11. Nd2 Bd6 12. Nb5 Rf6 13. Nxd6 Qxd6 14. Nf3 Nd7 15. b4 Rh6 16. Bb2 g5 17. Ne5 g4 18. f3 Rxh2 19. fxe4 g3 20. Rf3 Nxe5 21. dxe5 Rh1+ 22. Kxh1 Qh6+ 23. Kg1 Qh2+ 24. Kf1 Qh1+ 25. Ke2 Qxg2+ 26. Ke1 Qxf3 27. Qe2 fxe4 28. Qxf3 exf3 29. Kf1 c5 30. bxc5 bxc5 31. Rb1 c4 32. Bf5 Ba6 33. Bc3 Rf8 34. Be6+ Kg7 35. Bxd5 Rf5 36. e6+ Kf8 37. Be4 Rf6 38. Bxf6 c3+ 39. Kg1 f2+ 40. Kg2 1-0

[Event "Rostock SSC op 14th"]
[Site "Rostock"]
[Date "2015.07.31"]
[Round "5.37"]
[White "Breuel, Steffen"]
[Black "Wach, Frank"]
[Result "1-0"]
[WhiteElo "1438"]
[BlackElo "1564"]
[PlyCount "77"]
[EventDate "2015.07.29"]
[EventType "swiss"]
[EventRounds "7"]
[EventCountry "GER"]
[SourceTitle "EXT 2019"]
[Source "ChessBase"]
[SourceDate "2018.10.10"]
[SourceVersion "1"]
[SourceVersionDate "2018.10.10"]
[SourceQuality "1"]

1. d4 Nf6 2. Nf3 d5 3. e3 e6 4. c4 Bb4+ 5. Bd2 Bxd2+ 6. Nbxd2 0-0 7. Rc1 c6 8. Be2 Nbd7 9. 0-0 b6 10. cxd5 cxd5 11. Qc2 Bb7 12. Bd3 Rc8 13. Qa4 Rc7 14. Ne5 Nxe5 15. dxe5 Nd7 16. f4 Qc8 17. Qd1 Rd8 18. Nf3 Nc5 19. Bxh7+ Kxh7 20. Ng5+ Kg8 21. Qh5 Kf8 22. Qh8+ Ke7 23. Qxg7 Rf8 24. Qf6+ Kd7 25. Nh7 Ne4 26. Nxf8+ Qxf8 27. Rxc7+ Kxc7 28. Rc1+ Kd7 29. Qh4 Nc5 30. Qh7 Nd3 31. Qxd3 Qd8 32. e4 Ke8 33. exd5 Bxd5 34. g4 Qa8 35. Qc2 Bb7 36. Qa4+ Kf8 37. Qb4+ Kg7 38. Qd2 Qb8 39. Qd7 1-0

[Event "Rostock SSC op 14th"]
[Site "Rostock"]
[Date "2015.07.31"]
[Round "4.37"]
[White "Herzog, Jana"]
[Black "Wach, Frank"]
[Result "1-0"]
[WhiteElo "1419"]
[BlackElo "1564"]
[PlyCount "119"]
[EventDate "2015.07.29"]
[EventType "swiss"]
[EventRounds "7"]
[EventCountry "GER"]
[SourceTitle "EXT 2019"]
[Source "ChessBase"]
[SourceDate "2018.10.10"]
[SourceVersion "1"]
[SourceVersionDate "2018.10.10"]
[SourceQuality "1"]

1. d4 Nf6 2. c4 e6 3. Nf3 d5 4. Nc3 Nbd7 5. Bg5 Be7 6. Bxf6 Nxf6 7. cxd5 exd5 8. e3 0-0 9. Bd3 c6 10. 0-0 Bg4 11. h3 Bxf3 12. Qxf3 Re8 13. Rac1 Bb4 14. a3 Bxc3 15. Rxc3 Ne4 16. Bxe4 Rxe4 17. b4 a6 18. Qg3 Qe7 19. Re1 Rxd4 20. Kf1 Re8 21. Kg1 Qe5 22. Qxe5 Rxe5 23. Kf1 Rc4 24. Rxc4 dxc4 25. Rd1 Rd5 26. Rc1 b5 27. Ke2 Kf8 28. Rc3 Ke7 29. g3 c5 30. f4 cxb4 31. axb4 Rd8 32. Ra3 Ra8 33. e4 Kd6 34. Ke3 Kc6 35. Kd4 Kb6 36. e5 Rd8+ 37. Ke4 Rd1 38. f5 Rd7 39. e6 Rc7 40. Kd5 fxe6+ 41. fxe6 c3 42. Ra1 c2 43. Rc1 a5 44. bxa5+ Kxa5 45. Kd6 Rc3 46. e7 Rd3+ 47. Kc5 Rc3+ 48. Kd4 Rc8 49. Kd5 b4 50. Rxc2 Rb8 51. Ra2+ Kb6 52. Kd6 b3 53. Rb2 Ka5 54. Rxb3 Rxb3 55. e8Q Kb4 56. Qb8+ Kc3 57. Qxb3+ Kxb3 58. Ke6 Kc4 59. g4 Kd4 60. h4 1-0